Online
Catalog

Cómo trabajar con su consejo y sus comités / (Record no. 24669)

MARC details
000 -CABECERA
campo de control de longitud fija 01077nam a2200253 a 4500
001 - NÚMERO DE CONTROL
campo de control 000025176
005 - FECHA Y HORA DE LA ÚLTIMA TRANSACCIÓN
campo de control 20200930023617.0
008 - DATOS DE LONGITUD FIJA--INFORMACIÓN GENERAL
campo de control de longitud fija 110210s1971 mx 000 0 spa d
040 ## - FUENTE DE LA CATALOGACIÓN
Centro catalogador/agencia de origen DO-SdBNP
Lengua de catalogación spa
Centro/agencia transcriptor BNPHU
041 17 - CÓDIGO DE LENGUA
Código de lengua del texto/banda sonora o título independiente spa
Código de lengua original eng
082 ## - NÚMERO DE LA CLASIFICACIÓN DECIMAL DEWEY
Número de clasificación 658.3145
Número de documento/Ítem B658c
100 1# - ENTRADA PRINCIPAL--NOMBRE DE PERSONA
Nombre de persona Blumenthal, Louis H.
9 (RLIN) 51650
245 10 - MENCIÓN DE TÍTULO
Título Cómo trabajar con su consejo y sus comités /
Mención de responsabilidad, etc. Louis H. Blumenthal ; traducción de René Cárdenas Barrios.
260 ## - PUBLICACIÓN, DISTRIBUCIÓN, ETC.
Lugar de publicación, distribución, etc. México :
Nombre del editor, distribuidor, etc. Centro Regional de Ayuda Técnica. Agencia para el Desarrollo Internacional ;
-- Editorial Diana,
Fecha de publicación, distribución, etc. 1971.
300 ## - DESCRIPCIÓN FÍSICA
Extensión 79 p. ;
Dimensiones 18 cm.
490 1# - MENCIÓN DE SERIE
Mención de serie Biblioteca para el director de grupos.
Designación de volumen o secuencia 3
534 ## - NOTA SOBRE LA VERSIÓN ORIGINAL
Encabezamiento principal del original Título original :
Mención de título del original How to work with your board and commitees
650 #4 - PUNTO DE ACCESO ADICIONAL DE MATERIA--TÉRMINO DE MATERIA
Término de materia o nombre geográfico como elemento de entrada Relaciones interpersonales
Subdivisión general Administración
9 (RLIN) 51651
650 #4 - PUNTO DE ACCESO ADICIONAL DE MATERIA--TÉRMINO DE MATERIA
Término de materia o nombre geográfico como elemento de entrada Trabajo social
Subdivisión general Administración
9 (RLIN) 51652
650 #4 - PUNTO DE ACCESO ADICIONAL DE MATERIA--TÉRMINO DE MATERIA
Término de materia o nombre geográfico como elemento de entrada Acción social
Subdivisión general Administración
9 (RLIN) 51653
650 #4 - PUNTO DE ACCESO ADICIONAL DE MATERIA--TÉRMINO DE MATERIA
Término de materia o nombre geográfico como elemento de entrada Interacción social
Subdivisión general Administración
9 (RLIN) 51654
700 1# - PUNTO DE ACCESO ADICIONAL--NOMBRE DE PERSONA
Nombre de persona Cárdenas Barrios, René,
Término indicativo de función/relación tr.
9 (RLIN) 12537
830 #0 - PUNTO DE ACCESO ADICIONAL DE SERIE-TÍTULO UNIFORME
Título uniforme Biblioteca para el director de grupos.
Número de parte o sección de la obra 3
9 (RLIN) 51655
Holdings
Estado de retiro Estado de pérdida Restricciones de uso No para préstamo Código de colección Localización permanente Ubicación/localización actual Ubicación en estantería Fecha de adquisición Número de inventario Total de préstamos Signatura topográfica completa Código de barras Fecha visto por última vez Precio válido a partir de Tipo de ítem Koha Número de copia
      Excluido de préstamo Monografías: Libros y Folletos General General Depósito 10.02.2011 LF1   658.3145 B658c 25176-10 25.06.2020 25.06.2020 No se presta  
      Excluido de préstamo Monografías: Libros y Folletos General General Depósito 10.02.2011 LF1   658.3145 B658c 25176-20 25.06.2020 25.06.2020 No se presta e. 2
        Monografías: Libros y Folletos General General Depósito 02.06.2017 LF1   658.3145 B658c 25176-30 25.06.2020 25.06.2020 Préstamo en sala e. 3

Powered by Koha